Normal view
MARC view
Entry Personal Name
001 - CONTROL NUMBER
- control field: 8950
003 - CONTROL NUMBER IDENTIFIER
- control field: OSt
005 - DATE AND TIME OF LATEST TRANSACTION
- control field: 20220918110658.0
008 - FIXED-LENGTH DATA ELEMENTS
- fixed length control field: 220918|| aca||aabn | a|a d
040 ## - CATALOGING SOURCE
- Original cataloging agency: OSt
- Transcribing agency: OSt
100 ## - HEADING--PERSONAL NAME
- Personal name: ठाकुर, यू. एम
670 ## - SOURCE DATA FOUND
- Source citation: Work cat.: (OSt)113952: शर्मा, बी. के. 8948, पुस्तकालय, सूचना विज्ञान एंव सूचना प्रौद्योगिकी, 2008
